000 00451pam a2200169 a 4500
020 _a8171795455
_c310.00
041 _aeng
_hNULL
082 _a610.73
_bBSA
100 _aBASAVANTHAPPA, B .
245 _aCOMMUNITY HEALTH NURSING /
_cNULL.
_hTextual Documents
260 _aNULL :
_bJAYPEE BROTHERS MEDICAL PUB. ,
_c2006.
300 _a737 : :
_bIX ; ;
_cNULL . .
365 _a310.00
930 _a1660
999 _c796196
_d796196
650 _aPSM